Παραγωγή ντοκιμαντέρ με θέμα την αιολική ενέργεια στην Ελλάδα και τίτλο <<όσα παίρνει ο άνεμος>> : πτυχιακή εργασία
Αποθηκεύτηκε σε:
| Κύριος συγγραφέας: | |
|---|---|
| Συγγραφή απο Οργανισμό/Αρχή: | |
| Μορφή: | Thesis Βιβλίο |
| Γλώσσα: | Greek |
| Δημοσίευση: |
Μυτιλήνη :
Πανεπιστήμιο Αιγαίου, Τμήμα Πολιτισμικής Τεχνολογίας και Επικοινωνίας,
2005
|
| Θέματα: | |
| Διαθέσιμο Online: | http://hdl.handle.net/11610/10711 |
| Ετικέτες: |
Προσθήκη ετικέτας
Δεν υπάρχουν, Καταχωρήστε ετικέτα πρώτοι!
|
MARC
| LEADER | 00000cam a2200000 i 4500 | ||
|---|---|---|---|
| 001 | 1/25257 | ||
| 008 | 060227s2005 gre d | ||
| 035 | |l 10082869 | ||
| 040 | |a GR-MY-UA |b gre |e aacr | ||
| 041 | 0 | |a gre | |
| 082 | 0 | |a 791.43 |2 (22) | |
| 100 | 1 | |a Σαββίδης, Λάζαρος. | |
| 245 | 1 | 0 | |a Παραγωγή ντοκιμαντέρ με θέμα την αιολική ενέργεια στην Ελλάδα και τίτλο <<όσα παίρνει ο άνεμος>> : |b πτυχιακή εργασία / |c Λαζάρος Σαββίδης |
| 260 | |a Μυτιλήνη : |b Πανεπιστήμιο Αιγαίου, Τμήμα Πολιτισμικής Τεχνολογίας και Επικοινωνίας, |c 2005 | ||
| 300 | |a 93 σ.; |b πιν.; |c 30 εκ. | ||
| 502 | |a Πτυχιακή εργασία – Πανεπιστήμιο Αιγαίου, Λέσβος, 2005. | ||
| 504 | |a Βιβλιογραφία: 57-60 | ||
| 650 | 0 | |a Documentary films |x Production and direction. | |
| 650 | 0 | |a Documentary videos. | |
| 650 | 0 | |a Wind power |z Greece. | |
| 650 | 0 | 0 | |a Dissertations, Academic |z Greece. |
| 710 | 2 | |a Πανεπιστήμιο Αιγαίου. |b Σχολή Κοινωνικών Επιστημών. |b Τμήμα Πολιτισμικής Τεχνολογίας και Επικοινωνίας. | |
| 852 | |a INST |b LESVOS |c DIATR |e 20060227 |h 131 |p 005100034308 |q 005100034308 |t DIE |y 23 | ||
| 852 | |a INST |b LESVOS |c DIATR |e 20060227 |h 132 |p 005100035652 |q 005100035652 |t DIE |y 23 | ||
| 856 | |u http://hdl.handle.net/11610/10711 | ||
| 901 | |a BIBL1-2006-1 | ||
| 909 | |a Λ |b 125336 | ||
| 909 | |a Λ |b 125337 | ||
| 924 | |a ΣΑΒΒΙΔΗΣ |b ΛΑΖΑΡΟΣ |y ΛΕΣΒΟΣ |z 2005-11 | ||
| 970 | |a ΜΑΡΙΝΑΤΟΥ |b ΜΥΡΣΙΝΗ |z 2006/02/27 | ||